00932nam a2200217 a 450000100100000000500170001000800410002702000150006804000250008308200150010810000340012324500790015726001050023630000270034149000520036850000740042050400310049483000590052595201130058499900170069700004146120201002034917.0131007s1996 sp 000 0 spa d a8400076206 aDO-SdBNPbspacBNPHU axxxbG527e1 aGirón Sierra, Alvaro96813310aEvolucionismo y Anarquismo en España 1882-1914 /cAlvaro Girón Sierra. aMadrid :bConsejo Superior de Investigaciones Científicas, Centro de Estudios Históricos,c1996. aviii, 217 p. ;c18 cm.1 aCuadernos Galileo de historia de la cienciav15 aIncluye referencias bibliográficas y notas al pie de las páginas. aBibliografía: p. 209-217 0aCuadernos Galileo de historia de la ciencian15968134 001050718MOaGRbGRcCTd2013-10-07iLF1l0oxxx G527ep41461-10r2020-06-25w2020-06-25y1ZNo se presta c40951d40951